Read China : how china's development shapes Chinese people's lives in the changing world (Record no. 524215)
[ view plain ]
| 000 -LEADER | |
|---|---|
| fixed length control field | 00413nam a22001457a 4500 |
| 020 ## - INTERNATIONAL STANDARD BOOK NUMBER | |
| International Standard Book Number | 9787802590090 |
| 040 ## - CATALOGING SOURCE | |
| Transcribing agency | NUST |
| 082 ## - DEWEY DECIMAL CLASSIFICATION NUMBER | |
| Classification number | 370.951 |
| Author Mark | GAN |
| 100 ## - MAIN ENTRY--PERSONAL NAME | |
| Personal name | Gang Han |
| 9 (RLIN) | 15030 |
| 245 ## - TITLE STATEMENT | |
| Title | Read China : how china's development shapes Chinese people's lives in the changing world |
| Statement of responsibility, etc. | Han Gang |
| 260 ## - PUBLICATION, DISTRIBUTION, ETC. | |
| Name of publisher, distributor, etc. | Beijing mediatime united |
| Date of publication, distribution, etc. | 2010 |
| Place of publication, distribution, etc. | Beijing |
| 300 ## - PHYSICAL DESCRIPTION | |
| Extent | ill,280,P,: |
| 500 ## - GENERAL NOTE | |
| General note | H.B |
| 942 ## - ADDED ENTRY ELEMENTS (KOHA) | |
| Source of classification or shelving scheme | |
| Koha item type | Book |
| Withdrawn status | Lost status | Source of classification or shelving scheme | Damaged status | Not for loan | Permanent Location | Current Location | Shelving location | Date acquired | Total Checkouts | Total Renewals | Full call number | Barcode | Date last seen | Date last checked out | Price effective from | Koha item type | Materials specified (bound volume or other part) | Source of acquisition |
|---|---|---|---|---|---|---|---|---|---|---|---|---|---|---|---|---|---|---|
| Central Library (CL) | Central Library (CL) | Chinese Studies | 06/18/2019 | 1 | 2 | 370.951 GAN | CL-D-381 | 10/06/2021 | 09/17/2019 | 06/18/2019 | Book | |||||||
| Central Library (CL) | Central Library (CL) | Chinese Studies | 10/14/2021 | 370.951 GAN | CL-D-1349 | 10/14/2021 | 10/14/2021 | Book | Donated by Chinese embassy in Pakistan | |||||||||
| Central Library (CL) | Central Library (CL) | Chinese Studies | 10/14/2021 | 370.951 GAN | CL-D-1350 | 10/14/2021 | 10/14/2021 | Book | Donated by Chinese embassy in Pakistan | |||||||||
| Central Library (CL) | Central Library (CL) | Chinese Studies | 11/29/2025 | 370.951 GAN | CL-D-3129 | 11/29/2025 | 11/29/2025 | Book | Donated by China Study Centre (CSC) - S3H NUST | Donation | ||||||||
| NUST Law School (NLS) | NUST Law School (NLS) | 07/17/2025 | 370.951 GAN | NLSD-309 | 07/17/2025 | 07/17/2025 | Book |
